000 00425nam a2200181Ia 4500
001 16522
005 20260306170315.0
008 260306t2006||||xx |||||||||||||| ||und||
041 _aESP
082 _a348.6
_bS23
100 _aSardá Bueno, José Antonio
_eAUT
245 0 _aLegislación laboral
260 _c2006
300 _a499 páginas :
_c24 cm.
650 _aGEN
654 _aCDE
942 _cLIB
_dJUS
_fJUS
_2ddc
_n
999 _c16522
_d16522